000
00258nam a2200097Ia 4500
082
_a
EF JACO
245
0
_a
Joonie
100
_a
JACOBS, Rayda Auckland Park, South Africa, 2011
_9
91375
942
_c
BK
008
210817s9999 xx 000 0 und d
999
_c
370509
_d
370508